Technology in Human communication (Record no. 59583)

MARC details
000 -LEADER
fixed length control field 00757nam a2200205 a 4500
008 - FIXED-LENGTH DATA ELEMENTS--GENERAL INFORMATION
fixed length control field 120416s1990 ||||||||||||||||| || u
020 ## - INTERNATIONAL STANDARD BOOK NUMBER
International Standard Book Number 0861877667
020 ## - INTERNATIONAL STANDARD BOOK NUMBER
International Standard Book Number 0861877675
050 ## - LIBRARY OF CONGRESS CALL NUMBER
Classification number TK 5105 Tec
100 ## - MAIN ENTRY--PERSONAL NAME
Personal name Williams, Noel
245 10 - TITLE STATEMENT
Title Technology in Human communication
Statement of responsibility, etc. edited by Noel Williams
260 ## - PUBLICATION, DISTRIBUTION, ETC.
Place of publication, distribution, etc. London:
Name of publisher, distributor, etc. Printer Publishers
Date of publication, distribution, etc. 1990
300 ## - PHYSICAL DESCRIPTION
Extent xiii, 242p. : ill
350 ## - PRICE (NR) (BK AM CF MU VM SE) [OBSOLETE]
Price 0.00
500 ## - GENERAL NOTE
General note Includes bibliographical references and index.
650 ## - SUBJECT ADDED ENTRY--TOPICAL TERM
Topical term or geographic name entry element INFORMATION TECHNOLOGY
650 ## - SUBJECT ADDED ENTRY--TOPICAL TERM
Topical term or geographic name entry element COMMUNICATION--TECHNOLOGICAL INNOVATIONS
700 ## - ADDED ENTRY--PERSONAL NAME
Personal name Hartley, Peter, 1925-
995 ## - RECOMMENDATION 995 [LOCAL, UNIMARC FRANCE]
-- 0.00
-- CBU-MAIN LIBRARY (Kitwe)
-- 1
-- 35.00
-- AVAILABLE
-- Annex Low-Usage Collection
Holdings
Withdrawn status Lost status Source of classification or shelving scheme Damaged status Not for loan Home library Current library Shelving location Date acquired Total Checkouts Full call number Barcode Date last seen Price effective from Koha item type
          CBU-MAIN LIBRARY, KITWE. CBU-MAIN LIBRARY, KITWE.   11/30/2022   TK 5105 Tec 017410 11/30/2022 11/30/2022 MONOGRAPH